000 03775nam a2200841 4500
008 180514s2005 ag |||fr|||| 001 0 spa d
020 _a987206959
041 _aspa
092 _c808
_l28
_sGAL
100 1 _aGalindez, Jorge
_93925
245 _aYa no es tan grave.
_bLa historia de los médicos que enfrentamos al sida /
_cJorge Galindez.
250 _a1a ed.
260 _aBuenos Aires:
_bLatincomm;
_c2005.
300 _a155 p.
500 _aGalindez, J. (2005). Ya no es tan grave. La historia de los médicos que enfrentamos al sida. (1a ed.). Buenos Aires : Latincomm.
505 _a"...Los breve capítulos de este libro nos transportan a través del tiempo y la experiencia intensiva que fueron dejando su huella en Galindez, en la etapa de su vida profesional dedicada a la lucha contra el Sida. Con la simpleza del relato coloquial, Jorge nos transmite con intensidad y emoción sus sensaciones, sentimientos, frustraciones y alegrías, resultantes de lo que las tantas variantes en el ejercicio de la medicina pueden generar: el compromiso. Ya no es tan grave es un texto de fácil lectura y al mismo tiempo de suma importancia para quienes quieran asomarse al mundo de la conformación con la peor epidemia de la historia de la humanidad. Estoy seguro de que, luego de Ya no es tan grave, serán muchos los que cambien su mirada sobre el Sida. Si su lectura impulsa al menos a un lector a sumarse en este esfuerzo mundial contra la epidemia, haber publicado este libro estará plenamente justificado..."
590 _aDonación del Dr Gallardo, Andrés, mayo 2018.
653 3 _aLa vocación.
653 4 _aUna elección siempre dificíl
653 _aAquella primera charla
653 3 _aUn grupo de médicos jóvenes
653 _aMaestros y discipulos
653 _aMostrar caminos
653 3 _aEl comité de prevención
653 3 _aLa "capital" del sida
653 _aSidaros
653 3 _aEl primer paciente
653 _aOtra forma de discriminar
653 _aPrecauciones universales.
653 _aRápido, efectivo y contundente
653 1 _a"hagan una campaña"
653 3 _aUn objetivo: cambio de hábitos
653 _aCara a cara con los jóveres
653 _aMedios masivos
653 4 _aUna línea de información
653 _aNo se trata de un viaje astral
653 _aPalabras que cambiaron la historia
653 _aConvivir con la epidemia
653 _aGobierno y entidades intermedias
653 _aCuestión de prioridades
653 1 _a¿Qué le podía decir?
653 _aYo lo opero
653 _aAlgo más que palabras
653 4 _a..."Pero calladito"
653 1 _a"Que no se entere el de la cama del al lado
653 _aComprensión con el paso del tiempo
653 1 _a"Hace el tuyo el dolor de los demás"
653 _aHIV y reclusión
653 3 _aEl sida pediátrico
653 4 _aLos que se queman
653 _aCaminos paralelos
653 _aAccidentes ocupacionales
653 _aCapacitacion en España
653 3 _aLa revista
653 3 _aEl valor de la investigación
653 3 _aEl consultorio de Eva Perón
653 3 _aLa importancia de la adhesión
653 3 _aLa prevención en el consultorio
653 3 _aEl gesto del doctro Battagliotti
653 4 _aCon nuestras propias manos
653 3 _aEl camillero ya se fue
653 _aPostales del aula
653 4 _aLos médicos de la Unidad
653 3 _aLa sala de espera
653 _aLugar seguro
653 _aSola con su bebé
653 _aRiesgos calculados
653 3 _aEl trabajo de todos los días
653 _aNuestro compromiso afectivo
653 _aYa no es tan grave
655 _aLiteratura
_92917
942 _2ddc
_cLIT
999 _c2718
_d2718